000
00308nam a22001457a 4500
003
SGT
020
_a
9789354658778
082
_a
615
_b
GAR
100
_a
GARG GOBIND RAI
245
_a
REVIEW OF PHARMACOLOGY
250
_a
16TH
260
_a
INDIA
_b
JAYPEE PUB
_c
2026
300
_a
532
942
_2
ddc
_c
BK
999
_c
34472
_d
34472